000 00521nam a22002057a 4500
003 OSt
005 20140310182908.0
008 130128t xxu||||| |||| 00| 0 eng d
020 _a9718845119
050 _aPL 5539
_b.J83 2001
082 _aFIL 823
_bJ77 2001
245 _aPo-on
_ba novel
_cJose, Sionil F.
260 _aManila
_bSolidaridad Pub. House
_cc2001
300 _a231 p.
_c23 cm.
_bmap
521 _acollege students
526 _c1210L-1700L
541 _j1
562 _e1
942 _2lcc
_cBK
_kFIL
999 _c17178
_d17178